000 00534nam a2200181 a 4500
001 BRCA_1591
005 20190320203457.0
008 251105s1988----nyua---###---#000-0#eng-d
020 _a0831768584
050 4 _aND813.P5
_b.L36 1988
100 1 _aLangley Sommer, Robin
_95042
245 1 0 _aPicasso
_cRobin Langley Sommer.
260 _aNew York
_bGallery books
_c1988
300 _a192 p.
_bil. (algunas a color)
_c37 cm.
600 1 4 _aPicasso, Pablo
_d1881-1973
_94496
650 1 4 _aArtistas
_vBiografĂ­a
_zFrancia
_95043
942 _2lcc
_cB
999 _c1415
_d1415